|
|
|
|
| LEADER |
00000nam a2200000 a 4500 |
| 001 |
vtls001071851 |
| 003 |
SK-MaSNL |
| 005 |
20260413115308.0 |
| 008 |
251031s1993 xo 0 slo |
| 015 |
|
|
|a SNBA1993/06
|
| 020 |
|
|
|a 8071140864
|
| 035 |
|
|
|a SNK000014682
|
| 040 |
|
|
|a SNK
|b slo
|c SNK
|e AACR2
|
| 041 |
0 |
|
|a slo
|
| 044 |
|
|
|a xo
|c SK
|
| 080 |
|
|
|a 830-97(087.5)
|2 1981
|
| 080 |
|
|
|a 244
|2 1981
|
| 100 |
1 |
|
|a Mayer-Skumanz, Lene
|4 aut
|9 449802
|
| 240 |
1 |
0 |
|a ... wenn du meinst, lieber Gott
|l Slovensky
|
| 245 |
1 |
0 |
|a Ak myslíš, milý Bože
|c Lene Mayer-Skumanz ; Prekl. Evelína Silberhornová ; Ilustr. Ladislav Čarny ; Aut. obál. Ladislav Čarny
|
| 250 |
|
|
|a 1. vyd.
|
| 260 |
|
|
|a Bratislava
|b Lúč
|c 1993
|
| 300 |
|
|
|a 72 s.
|c 19 cm
|
| 500 |
|
|
|a Náz. na tit. liste: ...ak myslíš,...
|
| 700 |
1 |
|
|a Silberhornová, Evelína
|4 trl
|9 206323
|
| 700 |
1 |
|
|a Čarný, Ladislav,
|d 1949-
|4 ill
|9 112714
|
| 700 |
1 |
|
|a Čarný, Ladislav,
|d 1949-
|4 nob
|9 112714
|
| 852 |
|
|
|a Slovenská národná knižnica
|
| 919 |
|
|
|a 80-7114-086-4
|
| 954 |
|
|
|a prózy príbehové
|a prózy didaktické
|
| 958 |
|
|
|a LX
|
| 958 |
|
|
|a DB
|
| 958 |
|
|
|a TL
|
| 958 |
|
|
|a UP
|
| 958 |
|
|
|a NS
|
| 958 |
|
|
|a APR
|
| 968 |
|
|
|b DT
|d Z nem. orig.
|
| 999 |
|
|
|c 705000
|d 706930
|
| 952 |
|
|
|t P60, <04>, [BOOK], {604}
|a SNK
|b SNK
|y VYP
|7 0
|p 17A0215691
|o snkSD 65456 D1
|0 0
|1 0
|4 0
|d 1999-10-28
|l 0
|r 2004-12-31 00:00:00
|w 2026-02-23
|
| 952 |
|
|
|a SNK
|b SNK
|y PREZ
|7 0
|p 17A1044008
|o snkSD 65456
|0 0
|1 0
|4 0
|d 2013-07-19
|l 0
|r 2026-02-23 21:12:49
|w 2026-02-23
|